00412nam a2200145Ia 4500003000400000008004100004020002700045040000800072100002300080245009700103250001600200260002400216300001400240365001200254LDD181029s9999 xx 000 0 und d a9781844670864cP 12.99 cLDD aAnderson, Benedict 0aImagined Communitiesbreflections on the origin and spread of cationalismcBenedict Anderson aNew Edition aLondonbVersoc2006 axv, 240p. bP 12.99